000 01501cam a22003014a 4500
999 _c7484
_d7484
005 20200310120625.0
008 020802s2003 txua b 001 0 eng
010 _a 2002012408
020 _a1585441864 (alk. paper)
040 _aDLC
_cDLC
_dDLC
042 _apcc
082 0 0 _a720
_221
_bMAR
100 1 _aCorona Martínez, Alfonso.
245 1 4 _aThe architectural project /
_cby Alfonso Corona-Martinez ; edited by Malcolm Quantrill ; translated by Alfonso Corona-Martinez and Malcolm Quantrill.
250 _a1st ed.
260 _aCollege Station :
_bTexas A&M University Press,
_cc2003.
300 _axvi, 213 p. :
_bill. ;
_c25 cm.
440 0 _aStudies in architecture and culture ;
_vno. 6
504 _aIncludes bibliographical references (p. [187]-198) and index.
505 0 _aDesign processes -- Description generation -- Design education -- The two faces of functionalism -- Typology -- Development of the project: the elements of architecture -- Elements of composition -- Changes in design method: the future in the present.
650 0 _aArchitectural design.
650 0 _aArchitectural design
_xStudy and teaching.
700 1 _aQuantrill, Malcolm,
_d1931-
856 4 1 _3Table of contents
_uhttp://www.loc.gov/catdir/toc/fy038/2002012408.html
906 _a7
_bcbc
_corignew
_d1
_eecip
_f20
_gy-gencatlg
942 _2ddc